[Event "Leca da Palmeira op 3rd"]
[Site "Leca da Palmeira"]
[Date "2024.08.01"]
[Round "2"]
[White "Alvarez Pampillon, Antonio"]
[Black "Rocha, Miguel Feio Guimara"]
[Result "1-0"]
[WhiteElo "2107"]
[BlackElo "1836"]
[PlyCount "69"]
[EventDate "2024.07.31"]
[EventType "swiss"]
[EventRounds "9"]
[EventCountry "POR"]
[SourceTitle "EXT 2025"]
[Source "ChessBase"]
[SourceDate "2024.10.14"]
[SourceVersion "1"]
[SourceVersionDate "2024.10.14"]
[SourceQuality "1"]

1. c4 Nf6 2. g3 e6 3. Nf3 d5 4. b3 Be7 5. Bg2 0-0 6. 0-0 c5 7. e3 Nc6 8. Bb2 b6 9. Nc3 Bb7 10. d3 Rc8 11. Qe2 Qc7 12. Ne1 Rfd8 13. f4 dxc4 14. bxc4 a6 15. g4 Nb4 16. g5 Bxg2 17. Nxg2 Ne8 18. Rad1 Nd6 19. a3 Nc6 20. h4 b5 21. cxb5 axb5 22. h5 b4 23. axb4 cxb4 24. Ne4 Nxe4 25. dxe4 Rxd1 26. Rxd1 Rd8 27. Rc1 Qb6 28. g6 Bc5 29. gxf7+ Kxf7 30. h6 g6 31. f5 gxf5 32. exf5 Rg8 33. Qh5+ Ke7 34. f6+ Kd6 35. Rd1+ 1-0

[Event "Pontevedra op 12th"]
[Site "Pontevedra"]
[Date "2024.07.30"]
[Round "9"]
[White "Villar Perez, Samuel"]
[Black "Alvarez Pampillon, Antonio"]
[Result "1-0"]
[WhiteElo "2249"]
[BlackElo "2107"]
[PlyCount "63"]
[EventDate "2024.07.24"]
[EventType "swiss"]
[EventRounds "9"]
[EventCountry "ESP"]
[SourceTitle "EXT 2025"]
[Source "ChessBase"]
[SourceDate "2024.10.14"]
[SourceVersion "1"]
[SourceVersionDate "2024.10.14"]
[SourceQuality "1"]

1. e4 c5 2. Nf3 d6 3. d4 cxd4 4. Nxd4 Nf6 5. Nc3 g6 6. h3 Bg7 7. g4 0-0 8. Be3 Nc6 9. Qd2 d5 10. 0-0-0 Nxe4 11. Nxe4 dxe4 12. Nxc6 Qxd2+ 13. Rxd2 bxc6 14. Bc4 a5 15. Rhd1 a4 16. a3 Rb8 17. c3 Be6 18. Bxe6 fxe6 19. Rd7 Rb3 20. Rd8 Rb8 21. Rxb8 Rxb8 22. Rd7 Rf8 23. Rxe7 Be5 24. Rxe6 Bf4 25. Rxe4 Bxe3+ 26. fxe3 Rf3 27. h4 h5 28. Rxa4 Kg7 29. gxh5 gxh5 30. Ra5 Kg6 31. Rg5+ Kh6 32. Rc5 1-0

[Event "Pontevedra op 12th"]
[Site "Pontevedra"]
[Date "2024.07.29"]
[Round "8"]
[White "Povshednyi, Ivan"]
[Black "Alvarez Pampillon, Antonio"]
[Result "1-0"]
[WhiteElo "2242"]
[BlackElo "2107"]
[PlyCount "56"]
[EventDate "2024.07.24"]
[EventType "swiss"]
[EventRounds "9"]
[EventCountry "ESP"]
[SourceTitle "EXT 2025"]
[Source "ChessBase"]
[SourceDate "2024.10.14"]
[SourceVersion "1"]
[SourceVersionDate "2024.10.14"]
[SourceQuality "1"]

1. d4 Nf6 2. c4 e6 3. Nc3 Bb4 4. e3 b6 5. Nge2 Bb7 6. a3 Bxc3+ 7. Nxc3 0-0 8. Bd3 d6 9. e4 Nbd7 10. 0-0 e5 11. d5 c6 12. b4 Rc8 13. dxc6 Bxc6 14. Be3 Qe7 15. f3 Bb7 16. Rc1 a6 17. Qd2 Ra8 18. Rfd1 Rfc8 19. Bf1 Ne8 20. Qf2 Qd8 21. Na4 Rc6 22. Rc2 Rb8 23. Rcd2 Ba8 24. Nc3 Rcc8 25. h4 Ndf6 26. Na4 Nd7 27. Bg5 f6 28. Be3 b5 1-0

[Event "Pontevedra op 12th"]
[Site "Pontevedra"]
[Date "2024.07.28"]
[Round "7"]
[White "Alvarez Pampillon, Antonio"]
[Black "Dias, Ricardo Pedro Cruz"]
[Result "1-0"]
[WhiteElo "2107"]
[BlackElo "2256"]
[PlyCount "117"]
[EventDate "2024.07.24"]
[EventType "swiss"]
[EventRounds "9"]
[EventCountry "ESP"]
[SourceTitle "EXT 2025"]
[Source "ChessBase"]
[SourceDate "2024.10.14"]
[SourceVersion "1"]
[SourceVersionDate "2024.10.14"]
[SourceQuality "1"]

1. g3 d5 2. Nf3 g6 3. Bg2 Bg7 4. 0-0 e5 5. d3 Nc6 6. Nbd2 Nf6 7. e4 0-0 8. h3 h6 9. c3 a5 10. Re1 Re8 11. exd5 Nxd5 12. d4 exd4 13. Rxe8+ Qxe8 14. Nxd4 Nxd4 15. Bxd5 Ne2+ 16. Kh2 Nxc1 17. Rxc1 c6 18. Bg2 Be6 19. a3 Rd8 20. Qe2 Qd7 21. Ne4 b6 22. Rc2 Qd1 23. Qxd1 Rxd1 24. Rd2 Rb1 25. Nd6 c5 26. Be4 Re1 27. Bc6 Be5 28. Bb5 g5 29. Nc4 Bc7 30. Ne3 Bc8 31. Re2 Rc1 32. Nd5 Bb7 33. Bc6 Bxc6 34. Ne7+ Kf8 35. Nxc6 b5 36. Re7 Bd6 37. Rd7 Rd1 38. Rd8+ Kg7 39. Kg2 Kf6 40. Nxa5 Ke7 41. Nb7 c4 42. Rxd6 Rxd6 43. Nxd6 Kxd6 44. Kf3 f5 45. Ke3 Ke5 46. f3 f4+ 47. gxf4+ gxf4+ 48. Kd2 Kf5 49. h4 Kg6 50. b3 cxb3 51. c4 bxc4 52. a4 Kh5 53. a5 Kxh4 54. a6 Kg3 55. a7 b2 56. Kc2 h5 57. a8Q h4 58. Qc8 h3 59. Qg4+ 1-0

[Event "Pontevedra op 12th"]
[Site "Pontevedra"]
[Date "2024.07.25"]
[Round "2"]
[White "February, Jesse Nikki"]
[Black "Alvarez Pampillon, Antonio"]
[Result "1/2-1/2"]
[WhiteElo "2011"]
[BlackElo "2107"]
[PlyCount "64"]
[EventDate "2024.07.24"]
[EventType "swiss"]
[EventRounds "9"]
[EventCountry "ESP"]
[SourceTitle "EXT 2025"]
[Source "ChessBase"]
[SourceDate "2024.10.14"]
[SourceVersion "1"]
[SourceVersionDate "2024.10.14"]
[SourceQuality "1"]

1. e4 c5 2. Nf3 g6 3. d4 cxd4 4. Nxd4 Bg7 5. c4 Nc6 6. Be3 Nf6 7. Nc3 Nxd4 8. Bxd4 0-0 9. Be2 d6 10. 0-0 a5 11. f3 Nd7 12. b3 Nc5 13. Bxg7 Kxg7 14. Qd4+ Kg8 15. Rfd1 Bd7 16. e5 Ne6 17. Qe3 dxe5 18. Qxe5 Qb6+ 19. Kh1 Bc6 20. Nd5 Bxd5 21. cxd5 Nc5 22. Rac1 Qd6 23. Qe3 Rfc8 24. Rc4 Rc7 25. h4 Rac8 26. h5 Nd7 27. hxg6 hxg6 28. Rh4 Qf6 29. Qh6 Rc1 30. Qh7+ Kf8 31. Qh6+ Kg8 32. Qh7+ Kf8 1/2-1/2

[Event "Madrid op"]
[Site "Madrid"]
[Date "2024.06.12"]
[Round "5"]
[White "Alvarez Pampillon, Antonio"]
[Black "Bravo De la Vega, Alvaro"]
[Result "0-1"]
[WhiteElo "2153"]
[BlackElo "2075"]
[PlyCount "120"]
[EventDate "2024.06.10"]
[EventType "swiss"]
[EventRounds "9"]
[EventCountry "ESP"]
[SourceTitle "CBM 220 Extra"]
[Source "ChessBase"]
[SourceDate "2024.07.31"]
[SourceVersion "1"]
[SourceVersionDate "2024.07.31"]
[SourceQuality "1"]

1. c4 e5 2. g3 h5 3. Nc3 h4 4. g4 d5 5. Nxd5 Bxg4 6. Qb3 Bc8 7. Bh3 c6 8. Ne3 Nf6 9. Bxc8 Qxc8 10. Nf3 Nbd7 11. Qc2 Qc7 12. a3 e4 13. Nd4 Bc5 14. Nb3 Bd6 15. h3 0-0-0 16. d4 exd3 17. Qxd3 Rhe8 18. Nf5 Ne5 19. Nxd6+ Qxd6 20. Qxd6 Rxd6 21. c5 Nf3+ 22. Kf1 Rd1+ 23. Kg2 Rxh1 24. Kxh1 Rxe2 25. Kg2 Ne5 26. Nd4 Re1 27. Nc2 Rd1 28. Ne3 Re1 29. Nc2 Re2 30. Nd4 Re4 31. Nf5 Re1 32. b4 Nh5 33. Nxh4 Nd3 34. Bb2 Re4 35. Nf5 Rf4 36. Nd6+ Kb8 37. f3 Nxb2 38. Re1 Nc4 39. Re8+ Kc7 40. Re7+ Kd8 41. Rxb7 Nxd6 42. cxd6 f6 43. Rc7 Rc4 44. Rxa7 Rc2+ 45. Kg1 Rd2 46. Ra5 g6 47. Rc5 Rxd6 48. a4 Kc7 49. a5 Rd5 50. Rc4 f5 51. Kf2 Rb5 52. a6 Rb6 53. Ke3 Rxa6 54. b5 Rb6 55. bxc6 Rxc6 56. Ra4 Kd6 57. Ra8 Rc3+ 58. Kf2 Ke7 59. Ra7+ Kf6 60. h4 Rc2+ 0-1

[Event "Madrid op"]
[Site "Madrid"]
[Date "2024.06.12"]
[Round "4"]
[White "Alvarez Pampillon, Antonio"]
[Black "Insua Mellado, Jose Luis"]
[Result "1-0"]
[WhiteElo "2153"]
[BlackElo "1985"]
[PlyCount "93"]
[EventDate "2024.06.10"]
[EventType "swiss"]
[EventRounds "9"]
[EventCountry "ESP"]
[SourceTitle "CBM 220 Extra"]
[Source "ChessBase"]
[SourceDate "2024.07.31"]
[SourceVersion "1"]
[SourceVersionDate "2024.07.31"]
[SourceQuality "1"]

1. g3 e5 2. c4 d6 3. Bg2 f5 4. Nc3 Nf6 5. Nf3 Be7 6. 0-0 0-0 7. Rb1 c6 8. b4 Qe8 9. b5 Qh5 10. Qb3 e4 11. bxc6 Nxc6 12. c5+ Kh8 13. cxd6 Bxd6 14. Nb5 Ng4 15. h3 exf3 16. exf3 Nge5 17. f4 Nf7 18. Ba3 Bxa3 19. Qxa3 Bd7 20. Nd6 b6 21. Rbc1 Nd4 22. Nxf7+ Rxf7 23. Bxa8 Ne2+ 24. Kg2 Nxc1 25. Rxc1 Qg6 26. Bd5 Rf6 27. Qxa7 Qe8 28. Qc7 h6 29. Rc3 Be6 30. Bxe6 Rxe6 31. Qc8 Kg8 32. Qxe8+ Rxe8 33. Rb3 Re6 34. Kf3 Kf7 35. Re3 Rd6 36. Ke2 g6 37. Re5 Rc6 38. Kd1 Kf6 39. Rb5 Ke6 40. d4 Rd6 41. Re5+ Kd7 42. d5 b5 43. Kc2 Ra6 44. Kb3 b4 45. Re6 Ra3+ 46. Kxb4 Rxa2 47. Rxg6 1-0

[Event "Leca da Palmeira op 2nd"]
[Site "Leca da Palmeira"]
[Date "2023.08.01"]
[Round "2"]
[White "Martins, Bruno Andre Leite"]
[Black "Alvarez Pampillon, Antonio"]
[Result "0-1"]
[WhiteElo "2342"]
[BlackElo "2053"]
[PlyCount "76"]
[EventDate "2023.07.31"]
[EventType "swiss"]
[EventRounds "9"]
[EventCountry "POR"]
[SourceTitle "CBM 215 Extra"]
[Source "ChessBase"]
[SourceDate "2023.09.30"]
[SourceVersion "1"]
[SourceVersionDate "2023.09.30"]
[SourceQuality "1"]

1. e4 c5 2. Nf3 d6 3. d4 cxd4 4. Nxd4 Nf6 5. Nc3 g6 6. Be3 Bg7 7. f3 0-0 8. Qd2 Nc6 9. 0-0-0 Nxd4 10. Bxd4 Be6 11. Kb1 Qc7 12. h4 Rfc8 13. h5 Qa5 14. hxg6 hxg6 15. a3 b5 16. Bd3 Rab8 17. Qg5 Rc5 18. Bxc5 b4 19. axb4 Rxb4 20. Bxb4 Qxg5 21. g4 Qe3 22. Rhf1 Qb6 23. Ba3 Nxg4 24. fxg4 Bxc3 25. Rg1 a5 26. Rg2 a4 27. Kc1 Be5 28. Rf1 Qe3+ 29. Kb1 Qh3 30. Rgg1 Bd4 31. Rh1 Qxg4 32. Bb5 Qxe4 33. Bxa4 Bd5 34. Be8 Kf8 35. Bxf7 Bxf7 36. Rh7 Bf6 37. Bxd6 exd6 38. Rxf6 Qe1# 0-1

[Event "Mondariz Balneario op"]
[Site "Mondariz Balneario"]
[Date "2022.12.29"]
[Round "8"]
[White "Enriquez Pardo, Manuel"]
[Black "Alvarez Pampillon, Antonio"]
[Result "0-1"]
[WhiteElo "1629"]
[BlackElo "2081"]
[PlyCount "56"]
[EventDate "2022.12.26"]
[EventType "swiss"]
[EventRounds "8"]
[EventCountry "ESP"]
[SourceTitle "CBM 212 Extra"]
[Source "ChessBase"]
[SourceDate "2023.03.31"]
[SourceVersion "1"]
[SourceVersionDate "2023.03.31"]
[SourceQuality "1"]

1. Nf3 c5 2. b3 Nf6 3. Bb2 e6 4. e3 d5 5. Ne5 Bd6 6. Bb5+ Nbd7 7. f4 a6 8. Bxd7+ Bxd7 9. Nxd7 Qxd7 10. d3 h5 11. Qf3 Qc7 12. Nd2 b5 13. c4 e5 14. cxd5 exf4 15. Bxf6 gxf6 16. e4 Qa5 17. Ke2 Rg8 18. a4 Be5 19. Rac1 Qb4 20. Rc2 Ke7 21. Re1 Rg4 22. Kf1 Rag8 23. axb5 axb5 24. Ra2 Rxg2 25. Ra7+ Kd6 26. Ra6+ Kc7 27. Qxg2 Rxg2 28. Kxg2 Qxd2+ 0-1

[Event "Mondariz Balneario op"]
[Site "Mondariz Balneario"]
[Date "2022.12.28"]
[Round "6"]
[White "Saez Gabikagogeaskoa, Oscar"]
[Black "Alvarez Pampillon, Antonio"]
[Result "1-0"]
[WhiteElo "1941"]
[BlackElo "2081"]
[PlyCount "107"]
[EventDate "2022.12.26"]
[EventType "swiss"]
[EventRounds "8"]
[EventCountry "ESP"]
[SourceTitle "CBM 212 Extra"]
[Source "ChessBase"]
[SourceDate "2023.03.31"]
[SourceVersion "1"]
[SourceVersionDate "2023.03.31"]
[SourceQuality "1"]

1. e4 c5 2. Nf3 Nc6 3. d4 cxd4 4. Nxd4 Nf6 5. Nc3 g6 6. Be3 Bg7 7. f3 0-0 8. Qd2 d6 9. Bc4 Bd7 10. 0-0-0 Rc8 11. Bb3 Nxd4 12. Bxd4 b5 13. a3 a5 14. Kb1 b4 15. axb4 axb4 16. Na2 Be6 17. Bxe6 fxe6 18. Nxb4 Qa5 19. Nd5 Qd8 20. Nxf6+ exf6 21. h4 Rc6 22. h5 Qa8 23. hxg6 hxg6 24. b3 Rfc8 25. Rc1 Qa6 26. Qd3 Qa5 27. Bb2 Rb6 28. e5 Ra8 29. Rce1 f5 30. f4 Qa2+ 31. Kc1 Rc8 32. Re3 Rbc6 33. Re2 Rb6 34. Rh3 Qa7 35. g4 Rbc6 36. gxf5 Qg1+ 37. Qd1 Qg4 38. Rd3 Qxf4+ 39. Kb1 Qxf5 40. Rxd6 Rxd6 41. exd6 Rd8 42. Bxg7 Kxg7 43. Qd4+ Kg8 44. Rh2 e5 45. Qd5+ Kg7 46. Kb2 e4 47. Qd4+ Kf7 48. Rf2 Ke6 49. Rxf5 gxf5 50. d7 Rxd7 51. Qc4+ Rd5 52. b4 Ke5 53. Qc7+ Ke6 54. c4 1-0

[Event "ESP-ch 87th"]
[Site "Linares"]
[Date "2022.08.16"]
[Round "7"]
[White "Guerra Bastida, Diego"]
[Black "Alvarez Pampillon, Antonio"]
[Result "1/2-1/2"]
[WhiteElo "2242"]
[BlackElo "2019"]
[PlyCount "179"]
[EventDate "2022.08.11"]
[EventType "swiss"]
[EventRounds "9"]
[EventCountry "ESP"]
[SourceTitle "CBM 209 Extra"]
[Source "ChessBase"]
[SourceDate "2022.09.30"]
[SourceVersion "1"]
[SourceVersionDate "2022.09.30"]
[SourceQuality "1"]

1. d4 c5 2. e3 g6 3. Nf3 Bg7 4. Be2 Nf6 5. dxc5 Na6 6. 0-0 Nxc5 7. c4 Nfe4 8. Nd4 a5 9. Na3 f5 10. Nab5 a4 11. Rb1 d6 12. b4 axb3 13. axb3 Bd7 14. b4 Na4 15. Ra1 Bxb5 16. cxb5 Nec3 17. Qc2 Nxe2+ 18. Qxe2 Nc3 19. Qc4 Rxa1 20. Ne6 Kd7 21. Nxd8 Rxd8 22. Bb2 Rxf1+ 23. Qxf1 Rc8 24. g3 d5 25. Qd3 e6 26. Kg2 Rc4 27. b6 Kc6 28. Qc2 Rxb4 29. Bxc3 Rc4 30. Qa2 Bxc3 31. Qa8 Kxb6 32. Qd8+ Rc7 33. h4 Be5 34. Qg8 Re7 35. Qd8+ Rc7 36. Kh3 Kc6 37. Qe8+ Kd6 38. Qf8+ Re7 39. Qb8+ Rc7 40. Qf8+ Kc6 41. f4 Bd6 42. Qe8+ Rd7 43. Qxe6 b5 44. Qe8 b4 45. Qc8+ Rc7 46. Qa8+ Rb7 47. Qc8+ Rc7 48. Qa8+ Rb7 49. Qa6+ Kc7 50. Qa5+ Kc6 51. Qa6+ Kc7 52. Qa5+ Rb6 53. Qa7+ Kc6 54. Qa8+ Kc5 55. Qa5+ Rb5 56. Qa7+ Kc4 57. Qd4+ Kb3 58. Qf6 Bc5 59. Qa6 Kc4 60. Qa4 Bxe3 61. Qc2+ Kd4 62. Qd1+ Kc5 63. Qc2+ Kb6 64. Qd3 d4 65. Qb3 Kc6 66. Qc4+ Kb6 67. Qb3 Kc5 68. Qc2+ Kd6 69. Qc4 Rb6 70. Qg8 b3 71. Qd8+ Kc5 72. Qc7+ Kb5 73. Qd7+ Kb4 74. Qe7+ Kb5 75. Qd7+ Rc6 76. Qd5+ Rc5 77. Qxb3+ Kc6 78. Qg8 Rd5 79. Qc8+ Kd6 80. Qd8+ Kc6 81. Qa8+ Kd6 82. Qe8 Rc5 83. Qf8+ Kc6 84. Qe7 Rd5 85. Qe6+ Rd6 86. Qc4+ Kb6 87. Qb4+ Kc6 88. Qc4+ Kb6 89. Qb4+ Kc6 90. Qc4+ 1/2-1/2

[Event "Leca da Palmeira op 1st"]
[Site "Leca da Palmeira"]
[Date "2022.08.02"]
[Round "5"]
[White "Rego, Pedro Filipe"]
[Black "Alvarez Pampillon, Antonio"]
[Result "1-0"]
[WhiteElo "2251"]
[BlackElo "2019"]
[PlyCount "107"]
[EventDate "2022.07.31"]
[EventType "swiss"]
[EventRounds "9"]
[EventCountry "POR"]
[SourceTitle "CBM 209 Extra"]
[Source "ChessBase"]
[SourceDate "2022.09.30"]
[SourceVersion "1"]
[SourceVersionDate "2022.09.30"]
[SourceQuality "1"]

1. e4 c5 2. Nf3 g6 3. d4 cxd4 4. Nxd4 Bg7 5. c4 Nc6 6. Be3 Nf6 7. Nc3 0-0 8. Be2 d6 9. 0-0 Bd7 10. h3 Nxd4 11. Bxd4 Bc6 12. Qc2 a5 13. b3 Nd7 14. Bxg7 Kxg7 15. Rfd1 Qb6 16. a3 Nc5 17. Rab1 f5 18. exf5 gxf5 19. Nd5 Bxd5 20. Rxd5 Ne4 21. Bd3 Rac8 22. Bxe4 fxe4 23. Re1 e6 24. Rg5+ Kf6 25. h4 h6 26. Rg4 d5 27. Qd2 Ke5 28. Qc3+ Kd6 29. Qg3+ Ke7 30. Rg7+ Rf7 31. Rxf7+ Kxf7 32. Qf4+ Ke7 33. Qxh6 Qxb3 34. cxd5 exd5 35. Qg5+ Kd6 36. Qf4+ Kd7 37. Qf5+ Kd8 38. h5 Qd3 39. h6 Qd2 40. Re3 Rc1+ 41. Kh2 Qd1 42. h7 Qh1+ 43. Kg3 Rg1 44. Qxd5+ Kc7 45. Rc3+ Kb8 46. Qe5+ Ka7 47. Qxa5+ Kb8 48. Qd8+ Ka7 49. Qd4+ Ka6 50. Qa4+ Kb6 51. Rb3+ Kc7 52. Qa5+ Kb8 53. Qd8+ Ka7 54. Qd4+ 1-0

[Event "Pontevedra op-A 10th"]
[Site "Pontevedra"]
[Date "2022.07.29"]
[Round "8"]
[White "Cabezas Ayala, Ivan"]
[Black "Alvarez Pampillon, Antonio"]
[Result "1/2-1/2"]
[WhiteElo "2296"]
[BlackElo "2019"]
[PlyCount "83"]
[EventDate "2022.07.24"]
[EventType "swiss"]
[EventRounds "9"]
[EventCountry "ESP"]
[SourceTitle "EXT 2023"]
[Source "ChessBase"]
[SourceDate "2022.10.05"]
[SourceVersion "1"]
[SourceVersionDate "2022.10.05"]
[SourceQuality "1"]

1. e4 c5 2. Nf3 d6 3. d4 cxd4 4. Nxd4 Nf6 5. Nc3 g6 6. Be3 Bg7 7. f3 0-0 8. Qd2 Nc6 9. Bc4 Bd7 10. 0-0-0 Rc8 11. Bb3 Nxd4 12. Bxd4 b5 13. Nd5 Nxd5 14. Bxg7 Kxg7 15. exd5 Qb6 16. Rhe1 Rfe8 17. g4 a5 18. a3 Rc7 19. Qd4+ Qxd4 20. Rxd4 g5 21. c3 Bc8 22. Bc2 h5 23. h3 hxg4 24. hxg4 Rh8 25. Kd2 Kf6 26. Bd3 Bd7 27. f4 Bxg4 28. Bxb5 Rh2+ 29. Kc1 Bf5 30. fxg5+ Kxg5 31. Rd2 Rxd2 32. Kxd2 e5 33. dxe6 fxe6 34. b4 axb4 35. axb4 Ra7 36. Ke3 e5 37. Bc6 Ra3 38. Rc1 Kf6 39. Bd5 Be6 40. Ke4 Bf5+ 41. Ke3 Be6 42. Ke4 1/2-1/2

[Event "Pontevedra op-A 10th"]
[Site "Pontevedra"]
[Date "2022.07.25"]
[Round "3"]
[White "Alvarez Pampillon, Antonio"]
[Black "Reza Salgado, Marcos"]
[Result "1-0"]
[WhiteElo "2019"]
[BlackElo "1790"]
[PlyCount "67"]
[EventDate "2022.07.24"]
[EventType "swiss"]
[EventRounds "9"]
[EventCountry "ESP"]
[SourceTitle "EXT 2023"]
[Source "ChessBase"]
[SourceDate "2022.10.05"]
[SourceVersion "1"]
[SourceVersionDate "2022.10.05"]
[SourceQuality "1"]

1. g3 d5 2. c4 c6 3. Bg2 Nf6 4. Nf3 Bg4 5. Ne5 Bf5 6. cxd5 cxd5 7. d3 e6 8. g4 Bg6 9. Qa4+ Nfd7 10. h4 f6 11. h5 Qc7 12. Nc3 Bf7 13. Nxf7 Kxf7 14. g5 Bc5 15. g6+ Kf8 16. h6 hxg6 17. hxg7+ Kxg7 18. Rxh8 Kxh8 19. Qh4+ Kg8 20. Qh6 Nb6 21. Qxg6+ Qg7 22. Qe8+ Kh7 23. Nxd5 Nxd5 24. Bxd5 Bb4+ 25. Kd1 exd5 26. Qh5+ Kg8 27. Qxd5+ Qf7 28. Qd8+ Bf8 29. Bh6 Qe7 30. Qc8 Kf7 31. Bxf8 Qd7 32. Rc1 Kg6 33. Rc7 Qd4 34. Rg7+ 1-0

[Event "ESP-ch U18"]
[Site "Salobrena"]
[Date "2021.07.29"]
[Round "6"]
[White "Alvarez Pampillon, Antonio"]
[Black "Lagunas Gualda, Guillermo"]
[Result "1-0"]
[WhiteElo "1861"]
[BlackElo "2119"]
[PlyCount "103"]
[EventDate "2021.07.26"]
[EventType "swiss"]
[EventRounds "9"]
[EventCountry "ESP"]
[SourceTitle "CBM 203 Extra"]
[Source "ChessBase"]
[SourceDate "2021.09.30"]
[SourceVersion "1"]
[SourceVersionDate "2021.09.30"]
[SourceQuality "1"]

1. g3 g6 2. Bg2 Bg7 3. c4 Nf6 4. Nc3 d6 5. d3 0-0 6. Rb1 c5 7. a3 a5 8. Nf3 Nc6 9. 0-0 Bd7 10. Bd2 Rb8 11. Ne1 e6 12. Nc2 Qe7 13. Bf4 Nh5 14. Bd2 f5 15. b4 axb4 16. axb4 cxb4 17. Nb5 f4 18. Nxb4 fxg3 19. hxg3 Be5 20. Bh6 Rfd8 21. d4 Bg7 22. Bxg7 Nxg7 23. Qd2 Ne8 24. Nd3 Ra8 25. c5 Na5 26. cxd6 Nxd6 27. Nxd6 Qxd6 28. Qb4 Bc6 29. Qxd6 Rxd6 30. e3 Bd5 31. Ne5 Nc6 32. Bxd5 Rxd5 33. Ng4 Rf8 34. Rxb7 Nd8 35. Rc7 Kh8 36. Ne5 Rb5 37. Ra1 Rb7 38. Ra7 Rxa7 39. Rxa7 g5 40. Rd7 Kg8 41. Kg2 Re8 42. Kf3 h5 43. Kg2 Rf8 44. Kh3 Re8 45. f4 gxf4 46. exf4 Rf8 47. Kh4 Re8 48. Kxh5 Rf8 49. Kg6 Re8 50. Rg7+ Kh8 51. Rh7+ Kg8 52. Nd7 1-0

[Event "ESP-ch U18"]
[Site "Salobrena"]
[Date "2021.07.27"]
[Round "3"]
[White "Bringas Gomez, Artai"]
[Black "Alvarez Pampillon, Antonio"]
[Result "1-0"]
[WhiteElo "2098"]
[BlackElo "1861"]
[PlyCount "85"]
[EventDate "2021.07.26"]
[EventType "swiss"]
[EventRounds "9"]
[EventCountry "ESP"]
[SourceTitle "CBM 203 Extra"]
[Source "ChessBase"]
[SourceDate "2021.09.30"]
[SourceVersion "1"]
[SourceVersionDate "2021.09.30"]
[SourceQuality "1"]

1. b4 Nf6 2. Bb2 g6 3. c4 Bg7 4. Nf3 0-0 5. e3 d6 6. d4 c5 7. dxc5 dxc5 8. Qxd8 Rxd8 9. b5 a6 10. a4 Bf5 11. Nbd2 Nbd7 12. Be2 e5 13. Nb3 Bc2 14. Nfd2 a5 15. Rc1 Bf5 16. 0-0 e4 17. Rfd1 b6 18. Nf1 Bg4 19. f3 Bf5 20. Rd2 Nf8 21. Rcd1 Ne6 22. Bxf6 Bxf6 23. g4 Ng5 24. Rxd8+ Rxd8 25. Rxd8+ Bxd8 26. f4 Nh3+ 27. Kg2 Be6 28. Kxh3 h5 29. Nfd2 hxg4+ 30. Bxg4 f5 31. Be2 Bf6 32. Nxc5 bxc5 33. Nb3 Bc3 34. Nxc5 Bc8 35. b6 Bd2 36. b7 Bxb7 37. Nxb7 Bxe3 38. Nxa5 Bxf4 39. Nc6 Be3 40. a5 g5 41. Ne7+ Kf7 42. Nxf5 Bc5 43. Kg4 1-0